Szczegóły MARC21

Słownik idiomów angielskich /

003 -Nazwa inst., której nr kontr. jest w polu 001 [,]
    • @
    • Nazwa instytucji, której n kontrolny jest w polu 001
    • NUKAT
005 -DATA I CZAS OSTATNIEJ MODYFIKACJI [,]
    • @
    • pole kontrolne
    • 20241231090218.0
020 -Międzynarod. znormalizowany nr książki - ISBN [ , ]
    • a
    • Numer ISBN
    • 8370664938 Find
040 -Instytucja sporządzająca opis [ , ]
    • a
    • Instytucja, która sporządziła opis (NP)
    • WR O/KS
    • b
    • Język katalogowania
    • pol
    • e
    • Zasady katalogowania
    • rda
    • c
    • Instytucja, która sporządziła rekord (NP)
    • WR O/KS
    • d
    • Instytucja, która zmodyfikowała rekord (P)
    • WR O/KSs
    • d
    • Instytucja, która zmodyfikowała rekord (P)
    • GL 001/FMM
041 -Język dokumentu [0, ]
    • a
    • Język tekstu (P)
    • polski
    • a
    • Język tekstu (P)
    • angielski
942 -Rodzaj dokumentu [ , ]
    • c
    • Rodzaj dokumentu
    • Książka
245 -Strefa tytułu i oznaczenia odpowiedzialności [0,0]
    • a
    • Tytuł
    • Słownik idiomów angielskich / Find
    • c
    • Pozostałe elementy strefy tytułu i oznaczenia odpowiedzialności (NP)
    • pod redakcją naukową Jacka Fisiaka ; zespół leksykografów: Mariusz Idzikowski, Michał Jankowski, Andrzej Pisarski, Danuta Romanowska, Barbara Syguła.
260 -Strefa adresu wydawniczego [ , ]
    • a
    • Miejsce wydania (P)
    • Warszawa :
    • b
    • Nazwa wydawcy (P)
    • Polska Oficyna Wydawnicza "BGW",
    • c
    • Data wydania (P)
    • 1993.
300 -Strefa opisu fizycznego [ , ]
    • a
    • Określenie formy książki i/lub objętość (NP)
    • XIII, [3], 379 stron ;
    • c
    • Format (NP)
    • 25 cm.
336 -Typ zawartości [ , ]
    • a
    • Termin opisujący typ zawartości
    • Tekst
    • b
    • Kod określający zawartość
    • txt
    • 2
    • Źródło (terminu i kodu)
    • rdacontent
337 -Typ mediów [ , ]
    • a
    • Tryb odtwarzania
    • Bez urządzenia pośredniczącego
    • b
    • Kod typu mediów
    • n
    • 2
    • Źródło (terminu i kodu)
    • rdamedia
338 -Typ/rodzaj nośnika [ , ]
    • a
    • Hasło opisujące typ nośnika
    • Wolumin
    • b
    • Kod typu nośnika
    • nc
    • 2
    • Źródło (terminu i kodu)
    • rdacarrier
504 -Uwaga dot. bibliogr. załącznikowej [ , ]
    • a
    • Uwaga dot. bibliografii załącznikowej
    • Bibliografia na stronach XIII-[XIV]. Indeks.
080 -Uniwersalna Klasyfikacja Dziesiętna [ , ]
    • a
    • Symbol klasyfikacji
    • 802.0-318(038)=20=84
650 -Hasło przedmiotowe [ ,7]
    • a
    • Hasło przedmiotowe
    • Język angielski
    • x
    • Określnik rzeczowy
    • idiomatyzmy
    • v
    • Określnik formalny
    • słowniki polskie.
    • 2
    • Źródło terminu
    • kaba
    • 9
    • KHW
    • 357594
980 -Symbol UKD [ , ]
    • a
    • UKD
    • 802.0-318(038)=20=84
700 -Hasło dodatkowe - nazwa osobowa [1, ]
    • a
    • Nazwa osobowa (NP)
    • Fisiak, Jacek Find
    • d
    • Daty biograficzne (NP)
    • (1936-2019).
    • e
    • Określenie rodzaju współpracy
    • Redakcja
    • 9
    • KHW
    • 48313
700 -Hasło dodatkowe - nazwa osobowa [1, ]
    • a
    • Nazwa osobowa (NP)
    • Idzikowski, Mariusz. Find
    • e
    • Określenie rodzaju współpracy
    • Autor
    • 9
    • KHW
    • 425298
700 -Hasło dodatkowe - nazwa osobowa [1, ]
    • a
    • Nazwa osobowa (NP)
    • Jankowski, Michał Find
    • d
    • Daty biograficzne (NP)
    • (1955- ).
    • e
    • Określenie rodzaju współpracy
    • Autor
    • 9
    • KHW
    • 410916
700 -Hasło dodatkowe - nazwa osobowa [1, ]
    • a
    • Nazwa osobowa (NP)
    • Pisarski, Andrzej Find
    • c
    • Dopowiedzenie inne niż daty biograficzne (NP)
    • (leksykografia).
    • e
    • Określenie rodzaju współpracy
    • Autor
    • 9
    • KHW
    • 602023
700 -Hasło dodatkowe - nazwa osobowa [1, ]
    • a
    • Nazwa osobowa (NP)
    • Wolfram-Romanowska, Danuta. Find
    • e
    • Określenie rodzaju współpracy
    • Autor
    • 9
    • KHW
    • 602015
700 -Hasło dodatkowe - nazwa osobowa [1, ]
    • a
    • Nazwa osobowa (NP)
    • Syguła, Barbara. Find
    • e
    • Określenie rodzaju współpracy
    • Autor
    • 9
    • KHW
    • 602024
710 -Hasło dodatkowe - nazwa ciała zbiorowego [2, ]
    • a
    • Nazwa ciała zbiorowego lub nazwa geograficzna jako pierwszy element (NP)
    • Polska Oficyna Wydawnicza BGW.
    • e
    • Rodzaj współpracy
    • Wydawca
    • 4
    • Kod relacji
    • pbl
    • 9
    • KHW
    • 76933
920 -ISBN [ , ]
    • a
    • ISBN
    • 83-7066-493-8 Find
Numer inwentarzowy Status udost. Lokalizacja Data inwentaryzacji Sygnatura
Z.839551BG1994-09-12Z.83955
BJM.261-3BM2021-06-08 Ang. Słowniki idiomów 08
A.34281BM1994-09-12ANG. Słowniki idiomów 04